Belgium, Luxembourg or Netherlands - Statistics

General Stats
  • This quiz has been taken 322 times
    295 since last reset
  • The average score is 10 of 15
Answer Stats
Question Answer % Correct
One of its regions is called Wallonia. Belgium
97%
Its capital has the same name as the country. Luxembourg
97%
Is famous for its chocolate, especially the brand Côte d'Or. Belgium
95%
They have similar flags. Luxembourg and Netherlands
92%
Has overseas territories. Netherlands
87%
Has the highest GDP (PPP) per capita. Luxembourg
85%
Is the largest. Netherlands
79%
This country got independent from one of the others on 21 July 1831. Belgium
77%
Is a grand duchy. Luxembourg
69%
Has an article in its proper name Netherlands
69%
Has the most Tour de France victories after France. Belgium
62%
Its capital is not its largest city. None
41%
Has the highest HDI. Netherlands
38%
Has the highest PISA test results. Netherlands
38%
Has the most official languages. Netherlands
3%
No matching quizzes found
Score Distribution
Percent of People with Each Score
Percentile by Number Answered
Your Score History
You have not taken this quiz since the last reset